000 00937naa a22002657a 4500
001 BR7314051
003 BR-BrBNA
005 20240918173537.0
007 ta
008 230509b bl.||||| |||| 00| 0 por d
040 _aBR-BrBNA
_bpor
_cBiblioteca Nacional de Agricultura
041 _a(Pt)
072 _aF00
_b0120
090 _aF00 BR7314051
100 1 _aMezzacappa, M.P.
111 1 _a5. Reuniao Brasileira do Milho
_cItaguai, RJ (Brazil)
_d9 Jul 1962
245 1 _aProducao e capacidade de expansao [milho pipoca]
260 3 _aRio de Janeiro, GB (Brasil):
_c1963.
500 _aAnais da 5. Reuniao Brasileira do Milho Rio de Janeiro, GB (Brasil): 1963. p. 94-95 (BR7314051-AM)F00
650 _aPRODUCAO VEGETAL
650 _aMILHO PIPOCA
773 0 _tAnais da 5. Reuniao Brasileira do Milho
_wF00 BR7314051
_gRio de Janeiro, GB (Brasil), 1963. p. 94-95
909 _a202404
_bLucia
_c55
_dLucia Elande
942 _cAM
_2AGRIS
999 _c305283
_d305283